Online Catalogue and eLibrary

Aruvadaikal (Record no. 6014)

MARC details
000 -LEADER
fixed length control field 00421nam a22001577a 4500
005 - DATE AND TIME OF LATEST TRANSACTION
control field 20250408060929.0
008 - FIXED-LENGTH DATA ELEMENTS--GENERAL INFORMATION
fixed length control field 250408b |||||||| |||| 00| 0 eng d
020 ## - INTERNATIONAL STANDARD BOOK NUMBER
ISBN 9789555002066
082 ## - DDC Classification
DDC Edition Number 22
Class No. 080
Item Number - Author Mark ARU
100 ## - MAIN ENTRY--PERSONAL NAME
Personal name Mohamathu, Rimsha Weligama
245 ## - TITLE STATEMENT
Title Aruvadaikal
260 ## - PUBLICATION, DISTRIBUTION, ETC.
Place of publication, distribution, etc. Mount Lavinia
Name of publisher, distributor, etc. London & Sri Lankan Tamil Literary Assoxiation
Date of publication, distribution, etc. 2015
300 ## - PHYSICAL DESCRIPTION
Extent (e.g. Volumes, Pages etc.) 250 p .,
650 ## - SUBJECT ADDED ENTRY--TOPICAL TERM
Topical term or geographic name entry element Vimarsanagal
942 ## - Koha item type (Biblio)
Koha item type Books in Stacks (Lending)
Holdings
Lost status Damaged status Collection code Home library Current library Date acquired Full call number Accession Number Item type
    Lending WERC Library WERC Library 04/08/2025 080 ARU 080 Books in Stacks (Lending)

© WERC Library